<?xml version="1.0" encoding="UTF-8"?>
<record
    xmlns:xsi="http://www.w3.org/2001/XMLSchema-instance"
    xsi:schemaLocation="http://www.loc.gov/MARC21/slim http://www.loc.gov/standards/marcxml/schema/MARC21slim.xsd"
    xmlns="http://www.loc.gov/MARC21/slim">

  <leader>00240nam a22001097a 4500</leader>
  <datafield tag="040" ind1=" " ind2=" ">
    <subfield code="c">SK</subfield>
  </datafield>
  <datafield tag="082" ind1=" " ind2=" ">
    <subfield code="a">530</subfield>
  </datafield>
  <datafield tag="100" ind1=" " ind2=" ">
    <subfield code="a">&#x17A2;&#x17B6;&#x178F;&#x17CB; &#x1785;&#x1793;&#x17D2;&#x1790;&#x17B6;</subfield>
  </datafield>
  <datafield tag="245" ind1=" " ind2=" ">
    <subfield code="a">&#x179A;&#x17BC;&#x1794;&#x179C;&#x17B7;&#x1791;&#x17D2;&#x1799;&#x17B6;</subfield>
  </datafield>
  <datafield tag="260" ind1=" " ind2=" ">
    <subfield code="a">RUA</subfield>
    <subfield code="b">&#x17A2;&#x17B6;&#x178F;&#x17CB;</subfield>
    <subfield code="c">2002</subfield>
  </datafield>
  <datafield tag="942" ind1=" " ind2=" ">
    <subfield code="c">KB</subfield>
  </datafield>
  <datafield tag="999" ind1=" " ind2=" ">
    <subfield code="c">8468</subfield>
    <subfield code="d">8468</subfield>
  </datafield>
  <datafield tag="952" ind1=" " ind2=" ">
    <subfield code="0">0</subfield>
    <subfield code="1">0</subfield>
    <subfield code="4">0</subfield>
    <subfield code="6">530_000000000000000_&#x17A2;&#x17B6;&#x178F;_2002</subfield>
    <subfield code="7">0</subfield>
    <subfield code="9">48491</subfield>
    <subfield code="a">LBC</subfield>
    <subfield code="b">LBC</subfield>
    <subfield code="d">2016-08-02</subfield>
    <subfield code="o">530 &#x17A2;&#x17B6;&#x178F;&#x17CB; 2002</subfield>
    <subfield code="p">RUA043365</subfield>
    <subfield code="r">2016-08-02</subfield>
    <subfield code="w">2016-08-02</subfield>
    <subfield code="y">KB</subfield>
  </datafield>
  <datafield tag="952" ind1=" " ind2=" ">
    <subfield code="0">0</subfield>
    <subfield code="1">0</subfield>
    <subfield code="4">0</subfield>
    <subfield code="6">530_000000000000000_&#x17A2;&#x17B6;&#x178F;_2002_C167</subfield>
    <subfield code="7">0</subfield>
    <subfield code="9">48492</subfield>
    <subfield code="a">LBC</subfield>
    <subfield code="b">LBC</subfield>
    <subfield code="c">C167</subfield>
    <subfield code="d">2016-08-02</subfield>
    <subfield code="o">530 &#x17A2;&#x17B6;&#x178F;&#x17CB; 2002 C167</subfield>
    <subfield code="p">RUA42124</subfield>
    <subfield code="r">2016-08-02</subfield>
    <subfield code="y">KB</subfield>
  </datafield>
</record>
